全国重名市辖区 Municipal district with the same name - Statistics

General Stats
  • This quiz has been taken 192 times
  • The average score is 17 of 29
Answer Stats
区县 地级行政区 % Correct
通州区 北京市|南通市
85%
白云区 广州市|贵阳市
80%
朝阳区 北京市|长春市
80%
鼓楼区 南京市|徐州市|福州市|开封市
80%
南沙区 三沙市|广州市
79%
南山区 深圳市|鹤岗市
75%
普陀区 上海市|舟山市
75%
江北区 重庆市|宁波市
68%
城关区 兰州市|拉萨市
68%
龙华区 深圳市|海口市
66%
宝山区 上海市|双鸭山市
65%
城区 晋城市|汕尾市|阳泉市
64%
市中区 济南市|乐山市|枣庄市|内江市
62%
和平区 沈阳市|天津市
62%
铁西区 沈阳市|鞍山市|四平市
61%
郊区 阳泉市|佳木斯市|铜陵市
61%
西湖区 杭州市|南昌市
61%
海州区 连云港市|阜新市
54%
长安区 西安市|石家庄市
53%
河东区 临沂市|天津市
52%
铁东区 鞍山市|四平市
46%
青山区 包头市|武汉市
45%
城中区 西宁市|柳州市
41%
新华区 石家庄市|平顶山市|沧州市
41%
新城区 呼和浩特市|西安市
40%
西安区 牡丹江市|辽源市
35%
永定区 张家界市|龙岩市
34%
桥西区 石家庄市|张家口市
32%
向阳区 佳木斯市|鹤岗市
29%
No matching quizzes found
Score Distribution
Percent of People with Each Score
Percentile by Number Answered
Your Score History
You have not taken this quiz